Collins English dictionary

Bibliographic Details
Format: Book
Language:English
Published: Glasgow : HarperCollins Publishers 1994
Edition:Third edition updated
Subjects:

MARC

LEADER 00000cam a2200000 7i4500
001 0000005607
005 20240913.0
008 000126 stk eng
020 |a 0004706773 (hbk) 
040 |a INS   |b eng   |e rda 
090 0 0 |a RPE1628   |b .C65 1994 
245 0 0 |a Collins English dictionary 
250 |a Third edition updated 
264 1 |a Glasgow :   |b HarperCollins Publishers   |c 1994 
300 |a xxxii, 1791 pages ;   |c 27 cm. 
336 |a text  |2 rdacontent 
337 |a unmediated  |2 rdamedia 
338 |a volume  |2 rdacarrier 
650 0 |a English language   |x Dictionaries 
999 |a 0000006439   |b BOOK   |c Red Spot   |e Default branch